通過列車の設定がある起点、終着駅 - Statistics

General Stats
  • This quiz has been taken 309 times
    196 since last reset
  • The average score is 24 of 50
Answer Stats
Hint Answer 設定列車 該当路線 % Correct
宮城県 岩沼 一部の特急ひたち JR常磐線
67%
北海道 新旭川 特急 JR石北本線
65%
石川県 津幡 一部特急能登かがり火 JR七尾線
63%
北海道 白石 特急、一部快速など JR千歳線
62%
北海道 沼ノ端 特急 JR千歳線
61%
千葉県 成田 一部の特急成田エクスプレス JR成田線空港支線
61%
長野県 篠ノ井 しなの鉄道の快速 JR篠ノ井線、JR信越本線、しなの鉄道線
60%
京都府 山科 特急サンダーバード JR湖西線
60%
東京都 日暮里 一部の特急、尾久支線全列車 JR常磐線、JR東北本線尾久支線
59%
東京都 代々木 特急、中央特快、快速など JR中央本線
59%
群馬県 高崎 かがやき、一部のはくたか JR北陸新幹線
58%
滋賀県 近江塩津 特急サンダーバード JR湖西線
58%
東京都 練馬 平日下り除くS-TRAIN 西武西武有楽町線
56%
東京都 品川 一部の特急成田エクスプレス JR山手線
55%
埼玉県 東武動物公園 東武日光線直通特急 東武日光線
54%
茨城県 鹿島サッカースタジアム 鹿島臨海鉄道の全列車 JR鹿島線、鹿島臨海鉄道
53%
千葉県 佐倉 一部の特急成田エクスプレス JR成田線
52%
東京都 京成高砂 スカイライナー 京成成田空港線、北総鉄道線
52%
東京都 小竹向原 S-TRAIN 西武西武有楽町線
50%
東京都 代々木上原 特急ロマンスカー 東京メトロ千代田線
50%
鳥取県 伯耆大山 一部特急やくも JR伯備線
50%
三重県 河原田 特急南紀、快速みえ 伊勢鉄道線
49%
宮崎県 田吉 特急 JR宮崎空港線
49%
東京都 神田 中央本線の特急 JR中央本線
48%
長野県 塩尻 一部の特急 JR篠ノ井線
48%
徳島県 特急剣山 JR徳島線
47%
千葉県 印旛日本医大 スカイライナー 北総鉄道線
46%
東京都 御茶ノ水 千葉発着の特急あずさ JR総武本線
46%
兵庫県 神戸 特急スーパーはくと JR東海道線、JR山陽本線
46%
広島県 海田市 快速通勤ライナー JR呉線
46%
佐賀県 江北 一部特急 JR佐世保線
46%
埼玉県 吾野 特急ちちぶ 西武池袋線、西武西武秩父線
45%
徳島県 佐古 特急剣山 JR徳島線
45%
岡山県 茶屋町 特急 JR本四備讃線
44%
東京都 京急蒲田 ✈快特 京急空港線
42%
石川県 倶利伽羅 あいの風ライナー IRいしかわ鉄道線、あいの風とやま鉄道線
42%
東京都 北千住 THライナー 東京メトロ日比谷線
41%
大阪府 布施 特急、快速急行 近鉄奈良線
41%
神奈川県 鶴見 横須賀線、相鉄・JR直通線など JR東海道本線(品鶴線、相鉄・JR直通線)
40%
大阪府 日根野 一部の特急はるか JR関西空港線
39%
兵庫県 西代 一部の直通特急 阪神神戸高速線、山陽電鉄本線
39%
東京都 調布 京王ライナー 京王相模原線
36%
大阪府 中百舌鳥 泉北ライナー、区間急行 南海泉北線
32%
愛媛県 向井原 特急宇和海 JR予讃線(向井原 - 内子)
32%
東京都 北野 Mt.TAKAO号 京王高尾線
31%
神奈川県 堀ノ内 モーニング・ウィング号 京急久里浜線
29%
愛媛県 新谷 特急宇和海 JR予讃線(新谷 - 伊予大洲)、JR内子線
29%
愛知県 常滑 一部ミュースカイ 名鉄常滑線、名鉄空港線
27%
大阪府 新今宮 特急 JR大阪環状線
26%
兵庫県 有馬口 特快速 神鉄三田線
16%
No matching quizzes found
Score Distribution
Percent of People with Each Score
Percentile by Number Answered
Your Score History
You have not taken this quiz since the last reset